000
00320nam a22001337a 4500
005
20160126120446.0
008
160126b xxu||||| |||| 00| 0 eng d
040
_c
PK-LaUMT
082
_a
AMC 958.6
_b
TAD-
245
_a
Tadjik soviet socialist republic
260
_a
Moscow
_b
Novosti
_c
1972
300
_a
[ ]
942
_c
BK
999
_c
82279
_d
82279